| 000 | 00500nam a2200157Ia 4500 | ||
|---|---|---|---|
| 008 | 220214s9999 xx 000 0 und d | ||
| 100 | _aRazzak Miran T | ||
| 245 | 0 | _aModification of NR tubes for biomaterials. 1. Radiation-induced grafting of N, N-Dimethyl acrylamide on to natural rubber tubes | |
| 260 |
_bJournal of Applied Polymer Science _c1988 |
||
| 300 | _a645-653 | ||
| 700 | _aOhashi F | ||
| 700 | _aOtsuhata Kasushige | ||
| 700 | _aTabata Yoneho | ||
| 700 | _aTakeuchi A | ||
| 942 | _cRE | ||
| 999 |
_c45912 _d45912 |
||